000 00508nam a22001577a 4500
003 macl
005 20190407122250.0
008 190407b xxu||||| |||| 00| 0 eng d
040 _cmacl
082 _a294
100 _aशास्‍त्री ,डॉ रामचन्‍द्र वर्मा
_974194
245 _aमनुस्‍मृति
260 _aदिल्‍ली
_bविधा विहार
_c2018
650 _aभारतीय धर्म
_948169
942 _2ddc
_cHIN
999 _c59304
_d59304